ბათუმის შოთა რუსთაველის სახელმწიფო უნივერსიტეტის ბიბლიოთეკა

მამულის ძახილი (ბიბ.ჩანაწერი № 49805)

000 -LEADER
fixed length control field 01017nam a2200229Ia 4500
001 - CONTROL NUMBER
control field 16740
003 - CONTROL NUMBER IDENTIFIER
control field GE_BSU
008 - FIXED-LENGTH DATA ELEMENTS--GENERAL INFORMATION
fixed length control field 181216s||||||||xx |||||||||||||| ||und||
040 ## - CATALOGING SOURCE
Transcribing agency GE_BSU
080 ## - UNIVERSAL DECIMAL CLASSIFICATION NUMBER
Universal Decimal Classification number 94(479.223)+929(479.223)
100 ## - MAIN ENTRY--PERSONAL NAME
Personal name ზოიძე, ვახტანგ
245 ## - TITLE STATEMENT
Title მამულის ძახილი
245 ## - TITLE STATEMENT
Remainder of title პუბლიცისტური წერილები აჭარის სახელოვანი შვილების ცხოვრების და ღვაწლის შესახებ
260 ## - PUBLICATION, DISTRIBUTION, ETC.
Place of publication, distribution, etc. ბათუმი
260 ## - PUBLICATION, DISTRIBUTION, ETC.
Name of publisher, distributor, etc. ალიონი
260 ## - PUBLICATION, DISTRIBUTION, ETC.
Date of publication, distribution, etc. 1995
300 ## - PHYSICAL DESCRIPTION
Extent 206გვ.ილ.20სმ.
653 ## - INDEX TERM--UNCONTROLLED
Uncontrolled term მამულის ძახილი
653 ## - INDEX TERM--UNCONTROLLED
Uncontrolled term პუბლიცისტური წერილები აჭარის სახელოვანი შვილების ცხოვრების და ღვაწლის შესახებ
942 ## - ADDED ENTRY ELEMENTS (KOHA)
Koha item type წიგნი
ეგზემპლარები
Withdrawn status Lost status Damaged status Not for loan Date acquired Barcode Date last seen Price effective from Koha item type
        2018-12-17 22225 2018-12-17 2018-12-17 წიგნი